Przetłumacz imię na polski #2 - Statystyki

Ogólne statystyki
  • Ten quiz został rozwiązany 2 719 razy
  • Średni wynik to 12 z 15
Statystyki odpowiedzi
Po angielsku Po polsku % Poprawnych
Emily Emilia
99%
Ignacio Ignacy
99%
Agatha Agata
95%
Henry Henryk
94%
Irene Irena
93%
Hannah Hanna
92%
Evelyn Ewelina
87%
Joseph Józef
87%
Ed Edward
86%
Susan Zuzanna
85%
Margaret Małgorzata
75%
Lucy Lucyna
71%
Timothy Tymoteusz
71%
Charles Karol
58%
George Jerzy
45%
Nie znaleziono quizów pasujących do podanych kryteriów
Rozkład punktacji
Procent ludzi z każdym wynikiem
Percentyl według liczby udzielonych odpowiedzi
Twoja historia wyników
Nie rozwiązałeś tego quizu